|
|
|
|
| LEADER |
02701nam a2200445 a 4500 |
| 001 |
13957915 |
| 003 |
BD-DhAAL |
| 005 |
20250424163317.0 |
| 008 |
090827t2001 bg ab b 001 0 eng d |
| 010 |
|
|
|a \\2005310343
|
| 020 |
|
|
|a 9840516256 (v. 1)
|
| 040 |
|
|
|a DLC
|c DLC
|d BD-DhAAL
|
| 082 |
0 |
0 |
|a 372.95492
|2 21
|
| 245 |
0 |
2 |
|a A question of quality :
|b state of primary education in Bangladesh.
|n Volume I.
|p Major findings, a synthesis /
|c editors, A. Mushtaque R. Chowdhury ... [et al.].
|
| 246 |
|
|
|i At head of title:
|a Education watch 2000
|
| 260 |
|
|
|a Dhaka :
|b The University Press,
|c 2001.
|
| 300 |
|
|
|a xxx, 114 pages :
|b illustrations, map ;
|c 29 cm
|
| 362 |
0 |
|
|a Vol. 1
|
| 500 |
|
|
|a "Campaign for Popular Education"--V. 1, t.p.
|
| 504 |
|
|
|a Includes bibliographical references (p. [53]-55) and index.
|
| 505 |
1 |
|
|a v. 1. Major findings, a synthesis
|
| 526 |
|
|
|a AAL
|
| 541 |
1 |
|
|a Complimentary copy from Dr. Ahmed Mushtaque Raza Chowdhury (Former Vice Chairperson of BRAC)
|e 00011287, 44405
|
| 650 |
|
0 |
|a Education, Primary
|z Bangladesh.
|
| 650 |
|
0 |
|a Educational surveys
|z Bangladesh.
|
| 650 |
|
0 |
|a Educational evaluation
|z Bangladesh.
|9 58143
|
| 650 |
|
0 |
|a Educational tests and measurements
|z Bangladesh.
|9 58144
|
| 700 |
1 |
|
|a Chowdhury, A. M. Raza.
|
| 700 |
1 |
|
|a Chowdhury, Rasheda K.
|9 58160
|
| 700 |
1 |
|
|a Nath, Samir R.
|
| 700 |
1 |
|
|a Ahmed, Manzoor.
|
| 700 |
1 |
|
|a Alam, Mahmudul.
|9 58161
|
| 710 |
2 |
|
|a Campaign for Popular Education (Organization)
|
| 852 |
4 |
|
|a Ayesha Abed Library
|j General shelf
|
| 942 |
|
|
|2 ddc
|c BK
|
| 999 |
|
|
|c 3515
|d 3515
|
| 952 |
|
|
|0 0
|1 0
|2 ddc
|4 0
|6 372_954920000000000_QUE
|7 0
|9 3191
|a SCL
|b SCL
|c GEN
|d 2009-09-02
|g 0.00
|l 0
|o 372.95492 QUE
|p 3010011287
|r 2009-09-02
|t 1
|w 2009-09-02
|y BK
|x No price found in the accession register.
|
| 952 |
|
|
|0 0
|1 0
|2 ddc
|4 0
|6 372_954920000000000_QUE_2001
|7 0
|9 9670
|a BRACUL
|b BRACUL
|c GEN
|d 2010-05-03
|l 1
|m 4
|o 372.95492 QUE
|p 3010011284
|r 2017-11-13
|s 2017-10-25
|t 1
|w 2010-05-03
|y BK
|
| 952 |
|
|
|0 0
|1 0
|2 ddc
|4 0
|6 372_954920000000000_QUE
|7 1
|9 77648
|a BRACUL
|b BRACUL
|c AMRC
|d 2025-04-24
|e Complimentary copy from Dr. Ahmed Mushtaque Raza Chowdhury (Former Vice Chairperson of BRAC)
|g 325.00
|l 0
|o 372.95492 QUE
|p 3010044405
|r 2025-04-24
|t 3
|w 2025-04-24
|y BK
|x Complimentary copy received from Dr. Ahmed Mushtaque Raza Chowdhury (Former Vice Chairperson of BRAC) on 17 April 2025
|
| 952 |
|
|
|0 0
|1 0
|2 ddc
|4 0
|6 372_954920000000000_QUE
|7 1
|9 77649
|a BRACUL
|b BRACUL
|c AMRC
|d 2025-04-24
|e Complimentary copy from Dr. Ahmed Mushtaque Raza Chowdhury (Former Vice Chairperson of BRAC)
|g 325.00
|l 0
|o 372.95492 QUE
|p 3010044406
|r 2025-04-24
|t 4
|w 2025-04-24
|y BK
|x Complimentary copy received from Dr. Ahmed Mushtaque Raza Chowdhury (Former Vice Chairperson of BRAC) on 17 April 2025
|